[Event "ICS rated blitz match"]
[Site "204.178.125.65"]
[Date "2000.10.03"]
[Round "?"]
[White "Hossa"]
[Black "Zippy"]
[Result "1-0"]
[WhiteElo "2589"]
[BlackElo "2389"]
[PlyCount "121"]
[EventDate "2000.??.??"]

1. e4 c5 2. Nf3 d6 3. Bc4 Nc6 4. O-O Bd7 5. Nc3 Na5 6. Be2 e5 7. Bb5 Bxb5 8.
Nxb5 Qb6 9. c4 a6 10. Nc3 Nf6 11. d3 Be7 12. Nd5 Nxd5 13. cxd5 Qb5 14. Rb1 b6
15. b4 cxb4 16. Ba3 b3 17. axb3 f5 18. b4 Nb7 19. Qc2 Nd8 20. Rb3 O-O 21. Rc3
Rf7 22. Rc7 g6 23. Rc1 fxe4 24. dxe4 Rb8 25. Rb1 Rb7 26. Rc8 Rf8 27. Rb3 Bf6
28. Bc1 Rbf7 29. Ng5 Rd7 30. Be3 Rb7 31. Ne6 Nxe6 32. dxe6 Re8 33. Rd3 Rbe7 34.
Qc6 Qxd3 35. Rxe8+ Kg7 36. Rxe7+ Bxe7 37. h4 Qb1+ 38. Kh2 Qxb4 39. Bg5 d5 40.
Qe8 Bxg5 41. hxg5 Qf8 42. Qd7+ Kg8 43. e7 Qxe7 44. Qxe7 dxe4 45. Qxe5 a5 46.
Qe6+ Kf8 47. Qxb6 Ke7 48. Qxa5 Ke6 49. Qa2+ Kd6 50. Qf7 Ke5 51. Qe7+ Kd5 52.
Qxh7 Ke5 53. Qxg6 e3 54. Qe8+ Kf5 55. fxe3 Kg4 56. Qe6+ Kxg5 57. g4 Kh4 58. Qe5
Kxg4 59. Kg2 Kh4 60. Kf3 Kh3 61. Qh5# {Zippy checkmated} 1-0

[Event "ICS Rated standard match"]
[Site "204.178.125.65"]
[Date "2000.10.03"]
[Round "?"]
[White "Hossa"]
[Black "Zippy"]
[Result "1-0"]
[WhiteElo "2422"]
[BlackElo "2281"]
[PlyCount "129"]
[EventDate "2000.??.??"]

1. e4 g6 2. d4 Bg7 3. Nc3 d6 4. Nf3 Nf6 5. Bd3 O-O 6. O-O Nbd7 7. Bg5 e5 8.
dxe5 Nxe5 9. Nxe5 dxe5 10. Nd5 c6 11. Nxf6+ Bxf6 12. Bh6 Bg7 13. Qd2 Be6 14.
Rfd1 Qc7 15. Bxg7 Kxg7 16. Qe3 f6 17. Be2 a6 18. Rd2 Rad8 19. Rad1 Rxd2 20.
Qxd2 Rf7 21. Qd6 Qxd6 22. Rxd6 Bxa2 23. b3 Bb1 24. Bd3 Rc7 25. h4 Kf7 26. Rd8
Ke7 27. Rh8 Ke6 28. Kf1 Rd7 29. Ke2 c5 30. Rc8 Kd6 31. Kd2 Re7 32. Kc1 Ba2 33.
Rf8 b5 34. Rxf6+ Re6 35. Rxe6+ Kxe6 36. Kb2 Bxb3 37. cxb3 h6 38. g3 Kd6 39. f4
Ke6 40. f5+ gxf5 41. exf5+ Ke7 42. g4 Kf6 43. Kc1 Ke7 44. g5 hxg5 45. hxg5 Kf7
46. Be4 Kf8 47. f6 Kf7 48. Kb2 a5 49. Ka3 c4 50. bxc4 bxc4 51. g6+ Kxf6 52. Ka4
c3 53. Kxa5 Ke6 54. Kb4 Kf6 55. Kc5 Ke6 56. Bc2 Ke7 57. Kd5 e4 58. Bxe4 c2 59.
Bxc2 Kf6 60. Kd6 Kg5 61. g7 Kf6 62. g8=R Kf7 63. Rg6 Ke8 64. Rf6 Kd8 65. Rf8# {
Zippy checkmated} 1-0

[Event "ICS rated standard match"]
[Site "204.178.125.65"]
[Date "2000.10.03"]
[Round "?"]
[White "Guitige"]
[Black "Hossa"]
[Result "0-1"]
[WhiteElo "2302"]
[BlackElo "2432"]
[PlyCount "41"]
[EventDate "2000.??.??"]

1. d4 Nf6 2. e3 d5 3. f4 Bf5 4. c3 e6 5. Nf3 Nbd7 6. Bd3 Be4 7. O-O Bxd3 8.
Qxd3 Bd6 9. Nbd2 c6 10. a3 Qe7 11. Ne5 O-O-O 12. b4 h6 13. a4 g5 14. a5 gxf4
15. exf4 Nb8 16. Ndf3 Rdg8 17. Kh1 Ne4 18. Nd2 f6 19. Nef3 Qg7 20. g3 Nxg3+ 21.
hxg3 {Guitige resigns} 0-1

[Event "ICS rated standard match"]
[Site "204.178.125.65"]
[Date "2000.10.03"]
[Round "?"]
[White "Hossa"]
[Black "Guitige"]
[Result "1-0"]
[WhiteElo "2442"]
[BlackElo "2292"]
[PlyCount "159"]
[EventDate "2000.??.??"]

1. c4 e6 2. Nc3 d5 3. d4 f5 4. Nf3 Nf6 5. cxd5 exd5 6. Bg5 c6 7. e3 Be7 8. Bd3
O-O 9. Ne5 g6 10. Bh6 Re8 11. Qf3 Nbd7 12. Nxd7 Bxd7 13. a3 Bf8 14. Bg5 Be7 15.
Rc1 Ne4 16. Bh6 Bf8 17. Bxf8 Rxf8 18. Qf4 Qb8 19. Qh6 Rf7 20. Rd1 Qf8 21. Qxf8+
Raxf8 22. Rb1 Bc8 23. f3 Nxc3 24. bxc3 Re7 25. Kd2 Rfe8 26. c4 Be6 27. c5 Bc8
28. Rhe1 Kg7 29. h4 Kf6 30. Rb2 Kg7 31. a4 Kf6 32. Rb3 Kg7 33. Be2 Kf7 34. g3
Kf6 35. Reb1 Kg7 36. Rg1 Kf6 37. a5 a6 38. Re1 Kg7 39. Bd3 Rd8 40. Reb1 Rde8
41. Bc2 Kf6 42. Rc3 Kg7 43. Rb6 Re6 44. Bd1 R6e7 45. Rcb3 Kf6 46. Bc2 Kg7 47.
Ke2 Kf6 48. Bb1 Kg7 49. Kf2 Kf6 50. Bc2 Kg7 51. Bd1 Kf6 52. Be2 Kf7 53. Bf1 Kg7
54. Rc3 Kf6 55. Be2 Kg7 56. Bd1 Kg8 57. Rb1 Kf7 58. Bc2 Kf6 59. Rb6 Kg7 60. Ra3
Kf8 61. Ke2 Kg7 62. Rc3 Kg8 63. Bb1 Kg7 64. Kd2 Kf7 65. Ba2 Kg7 66. Rcb3 Kf8
67. Bb1 Kg8 68. Ra3 Kg7 69. Rd3 Kf8 70. Bc2 Kg8 71. Bd1 Kg7 72. Be2 Kh8 73. Rc3
Kg8 74. Bf1 Re6 75. Rcb3 R8e7 76. e4 Rf6 77. exd5 Rc7 78. Bc4 Kg7 79. d6 Rd7
80. d5 {Guitige resigns} 1-0

[Event "ICS rated standard match"]
[Site "204.178.125.65"]
[Date "2000.10.03"]
[Round "?"]
[White "Guitige"]
[Black "Hossa"]
[Result "0-1"]
[WhiteElo "2283"]
[BlackElo "2451"]
[PlyCount "27"]
[EventDate "2000.??.??"]

1. d4 Nf6 2. c3 d5 3. e3 e6 4. f4 c5 5. Bd3 Bd6 6. Nf3 Nc6 7. O-O c4 8. Bc2 b5
9. a3 Ne7 10. Nbd2 Nf5 11. Qe2 Ng4 12. Nb1 Bb7 13. Ne5 Nxh2 14. Ng4 {
Guitige resigns} 0-1

[Event "ICS rated standard match"]
[Site "204.178.125.65"]
[Date "2000.10.03"]
[Round "?"]
[White "Hossa"]
[Black "Guitige"]
[Result "1-0"]
[WhiteElo "2460"]
[BlackElo "2274"]
[PlyCount "63"]
[EventDate "2000.??.??"]

1. e4 g6 2. d4 c6 3. Nf3 d5 4. exd5 cxd5 5. Nc3 Nc6 6. Ne5 Nxe5 7. dxe5 e6 8.
Bb5+ Bd7 9. O-O a6 10. Bxd7+ Qxd7 11. Bg5 Be7 12. Be3 Rc8 13. a3 Bc5 14. Bxc5
Rxc5 15. Qd2 Ne7 16. Rad1 Qc7 17. Qg5 O-O 18. Qf6 Nc8 19. Rd4 Qe7 20. Qf4 b5
21. Re1 Rc4 22. Rxc4 bxc4 23. Ne2 Na7 24. Qh6 Re8 25. Nd4 Nb5 26. Nf3 Qf8 27.
Qe3 Kg7 28. Qb6 Ra8 29. a4 Na7 30. Qxa6 Qb8 31. Rb1 Nc8 32. Qc6 {
Guitige resigns} 1-0

[Event "ICS Rated standard match"]
[Site "204.178.125.65"]
[Date "2000.10.03"]
[Round "?"]
[White "Guitige"]
[Black "Hossa"]
[Result "0-1"]
[WhiteElo "2266"]
[BlackElo "2468"]
[PlyCount "160"]
[EventDate "2000.??.??"]

1. d4 d5 2. e3 Nf6 3. Bd3 c5 4. c3 c4 5. Bc2 e6 6. f4 Bd6 7. Nf3 b5 8. a3 Nbd7
9. O-O Bb7 10. Nbd2 Ng4 11. Qe2 a5 12. Ne5 Ngf6 13. Ndf3 Ne4 14. Nxd7 Qxd7 15.
Nd2 Nf6 16. Nf3 b4 17. Bd2 b3 18. Bd1 Ne4 19. Be1 Be7 20. Nd2 f5 21. Nxe4 fxe4
22. Bg3 g6 23. Qe1 O-O-O 24. Bh4 Rdf8 25. g4 Kb8 26. g5 h6 27. Qg3 Ka7 28. Be2
Qd8 29. Kg2 Rf5 30. Bg4 hxg5 31. Bxf5 gxh4 32. Qh3 gxf5 33. Kh1 Bd6 34. Rg1 Qe8
35. Qg2 Qh5 36. h3 Re8 37. Rae1 Qf7 38. Kh2 Be7 39. Ref1 Bf6 40. Rf2 Qh5 41.
Rff1 Qh7 42. Rf2 Qd7 43. Rff1 Qd6 44. Qg6 Qe7 45. Qg2 Qc7 46. Qg6 Rf8 47. Qg2
Kb8 48. Kh1 Bc6 49. Qe2 Qe7 50. Kh2 Bb5 51. Rg2 Qh7 52. Rfg1 Be8 53. Rf2 Bh5
54. Qe1 Bf3 55. Rff1 Rh8 56. Rf2 Rd8 57. Rff1 Qf7 58. Rf2 Rh8 59. Rff1 Qe8 60.
Rf2 Rh7 61. Rgf1 Rg7 62. Rg1 Rf7 63. Rgf1 Rf8 64. Rg1 Qc8 65. Rgf1 Rg8 66. Rg1
Rh8 67. Rgf1 Qc6 68. Rg1 Qd7 69. Rgf1 Qg7 70. Rg1 Qf8 71. Rgf1 Rg8 72. Rg1 Rxg1
73. Qxg1 Qg7 74. Qxg7 Bxg7 75. Kg1 Bf6 76. Kh2 Kc7 77. Kg1 Be7 78. Kh2 e5 79.
Kg1 exf4 80. exf4 Bd6 {Guitige resigns} 0-1

[Event "ICS rated standard match"]
[Site "204.178.125.65"]
[Date "2000.10.03"]
[Round "?"]
[White "Hossa"]
[Black "Guitige"]
[Result "1-0"]
[WhiteElo "2476"]
[BlackElo "2258"]
[PlyCount "27"]
[EventDate "2000.??.??"]

1. e4 g6 2. d4 c6 3. Nf3 d5 4. exd5 cxd5 5. Nc3 Nc6 6. Ne5 Nxe5 7. dxe5 e6 8.
Be3 Bg7 9. f4 Ne7 10. Qd2 O-O 11. O-O-O Bd7 12. Ne4 Nf5 13. Bc5 Re8 14. g4 {
Guitige resigns} 1-0

[Event "ICS Rated standard match"]
[Site "204.178.125.65"]
[Date "2000.10.03"]
[Round "?"]
[White "Guitige"]
[Black "Hossa"]
[Result "0-1"]
[WhiteElo "2251"]
[BlackElo "2483"]
[PlyCount "200"]
[EventDate "2000.??.??"]

1. d4 d5 2. e3 Nf6 3. Bd3 c5 4. c3 c4 5. Bc2 Nc6 6. f4 Bg4 7. Nf3 Qd7 8. O-O e6
9. h3 Bh5 10. Nbd2 Bd6 11. Qe1 O-O-O 12. Bd1 Bg6 13. Ne5 Bxe5 14. fxe5 Ne4 15.
Nxe4 Bxe4 16. Bf3 Bxf3 17. Rxf3 Rdf8 18. Bd2 f5 19. Rf1 Kb8 20. Qe2 Re8 21.
Rae1 g5 22. Kh2 Rhg8 23. g3 g4 24. h4 Qc7 25. Ra1 Qb6 26. Rfb1 Rgf8 27. Kg2 Qc7
28. Be1 Rf7 29. Bf2 Ne7 30. Qd2 Rd8 31. Rh1 h6 32. Rhb1 Nc8 33. Rh1 Rg7 34. Rh2
Qf7 35. Rhh1 Qh5 36. Rhb1 Nb6 37. Qc2 Rc7 38. Rh1 Rh7 39. Rhb1 Re7 40. Rh1 Rg8
41. Rhb1 Ree8 42. Rh1 Rg7 43. Rhb1 Nc8 44. Qd2 Rc7 45. Qc2 Rf8 46. Qd2 Rh7 47.
Qc2 Rd7 48. Qd2 Rh8 49. Qc2 Qf7 50. a3 Qh5 51. Rh1 Ne7 52. Rhg1 Rc7 53. Rab1
Rf8 54. Rh1 Rfc8 55. Rhc1 Nc6 56. Rh1 Na5 57. Be1 Nb3 58. Bf2 Rd7 59. Rh2 Rc6
60. Rhh1 Rg7 61. Rh2 Rg8 62. Rhh1 Rc7 63. Rh2 Rf8 64. Rhh1 Rc6 65. Rh2 Ra6 66.
Rhh1 Rd8 67. Rh2 Rd7 68. Rhh1 Rf7 69. Kf1 Re7 70. Ke2 Rc6 71. Rh2 Rc8 72. Rd1
Rce8 73. Rb1 Qf7 74. Be1 Rd8 75. Bd2 Qh5 76. Kf2 Rg8 77. Bc1 Rd7 78. Kg2 Rc8
79. Rh1 Rcd8 80. Rf1 Rc7 81. Bd2 Rf8 82. Bc1 Rg8 83. Bd2 Qe8 84. Bc1 Rd7 85.
Bd2 Qh5 86. Bc1 Re7 87. Bd2 Rf8 88. Bc1 Rc8 89. Bd2 Rc6 90. Bc1 Ra6 91. Bd2 Re8
92. Bc1 Rf8 93. Qf2 Qg6 94. Qf4 Rd8 95. Qf2 f4 96. Bd2 Qc2 97. Rfd1 Qe4+ 98.
Kh2 Nxd2 99. Qxd2 fxg3+ 100. Kg1 Rf8 {Guitige resigns} 0-1

[Event "ICS Rated blitz match"]
[Site "204.178.125.65"]
[Date "2000.10.03"]
[Round "?"]
[White "Hossa"]
[Black "Valg"]
[Result "1-0"]
[WhiteElo "2604"]
[BlackElo "2475"]
[PlyCount "109"]
[EventDate "2000.??.??"]

1. e4 e5 2. Nf3 Nc6 3. d4 exd4 4. Nxd4 Bc5 5. Be3 Qf6 6. c3 Nxd4 7. cxd4 Bb4+
8. Nc3 Ne7 9. a3 Bxc3+ 10. bxc3 O-O 11. Bd3 d6 12. O-O Re8 13. Qd2 h6 14. Rab1
b6 15. Bc4 Bb7 16. f3 d5 17. Bd3 Qe6 18. Rbe1 c6 19. Qc2 Rac8 20. Rf2 c5 21.
exd5 Nxd5 22. Bd2 Qxe1+ 23. Bxe1 Rxe1+ 24. Bf1 cxd4 25. Qd2 Ra1 26. Qxd4 Rxa3
27. c4 Nc7 28. Rd2 Ra4 29. Qd7 Ra1 30. Kf2 Ba6 31. Bd3 Rh1 32. c5 Ne6 33. Bxa6
Rc7 34. Qe8+ Kh7 35. c6 Rc1 36. Rd7 Rxd7 37. cxd7 Kg6 38. Qc8 Rc5 39. Bc4 Kf6
40. Bxe6 Rxc8 41. dxc8=Q fxe6 42. Qc7 g5 43. Qxa7 h5 44. Qxb6 Kf5 45. g4+ hxg4
46. Qxe6+ Kxe6 47. fxg4 Ke5 48. Kf3 Kf6 49. Ke4 Ke6 50. h3 Kf6 51. Kd5 Kg6 52.
Ke5 Kg7 53. Kf5 Kf7 54. Kxg5 Ke7 55. h4 {Valg resigns} 1-0

[Event "ICS rated bullet match"]
[Site "204.178.125.65"]
[Date "2000.10.03"]
[Round "?"]
[White "Hossa"]
[Black "JSBach"]
[Result "1-0"]
[WhiteElo "2359"]
[BlackElo "2072"]
[PlyCount "123"]
[EventDate "2000.??.??"]

1. e4 d5 2. exd5 Qxd5 3. Nf3 Bf5 4. Nc3 Qe6+ 5. Be2 Nc6 6. O-O O-O-O 7. Bb5 Qd6
8. d3 Nh6 9. Bc4 e6 10. Nb5 Qc5 11. Be3 Qe7 12. Bf4 e5 13. Re1 f6 14. Bxh6 gxh6
15. Nh4 Be6 16. Bxe6+ Qxe6 17. a4 a6 18. Nc3 Rg8 19. Ne4 f5 20. Ng3 Bb4 21. c3
f4 22. Ngf5 Bc5 23. b4 Be7 24. b5 Bxh4 25. Nxh4 Na5 26. bxa6 Qxa6 27. Rxe5 Rxd3
28. Qc2 Nc6 29. Rb5 Rgd8 30. Rab1 Na5 31. Nf5 c6 32. Ne7+ Kb8 33. Rxa5 Rd1+ 34.
Rxd1 Qxa5 35. Rxd8+ Qxd8 36. Nf5 Qf6 37. Qd3 h5 38. Qd6+ Qxd6 39. Nxd6 Kc7 40.
Nc4 b6 41. Ne5 h4 42. Nd3 h3 43. gxh3 Kd6 44. Nxf4 Ke7 45. Ng2 Kf6 46. Ne3 Ke6
47. Nc4 b5 48. a5 Kd7 49. f4 bxc4 50. f5 Ke7 51. a6 Kf6 52. a7 Kxf5 53. a8=Q c5
54. Qd5+ Kf6 55. Kg2 h6 56. Kg3 Ke7 57. Kg4 Kf6 58. Qd6+ Kf7 59. Kf5 h5 60.
Qd7+ Kf8 61. Kf6 h4 62. Qd8# {JSBach checkmated} 1-0

[Event "ICS rated standard match"]
[Site "204.178.125.65"]
[Date "2000.10.03"]
[Round "?"]
[White "Hossa"]
[Black "fir"]
[Result "1-0"]
[WhiteElo "2481"]
[BlackElo "1923"]
[PlyCount "22"]
[EventDate "2000.??.??"]

1. e4 e5 2. Nf3 Nc6 3. Bb5 Bc5 4. d3 Nf6 5. O-O d5 6. Nxe5 Bd7 7. Nxd7 Qxd7 8.
e5 Ng4 9. d4 Bxd4 10. e6 Bxf2+ 11. Rxf2 Nxf2 {fir resigns} 1-0

[Event "ICS rated blitz match"]
[Site "204.178.125.65"]
[Date "2000.10.03"]
[Round "?"]
[White "brutus"]
[Black "Hossa"]
[Result "0-1"]
[WhiteElo "2187"]
[BlackElo "2614"]
[PlyCount "58"]
[EventDate "2000.??.??"]

1. e4 c5 2. Nf3 d6 3. d4 cxd4 4. Nxd4 e5 5. Nb3 Nf6 6. Nc3 Nc6 7. Bc4 Be7 8.
O-O Be6 9. Qd3 Nb4 10. Qe2 Bxc4 11. Qxc4 Nxc2 12. Rb1 O-O 13. Bg5 Qd7 14. Bxf6
Bxf6 15. Nd5 Rac8 16. Nxf6+ gxf6 17. Qd3 Qe7 18. f4 Rc6 19. f5 Rfc8 20. Rf3 Qc7
21. Qd2 Qb6+ 22. Kh1 Kf8 23. Rh3 Nd4 24. Nxd4 Qxd4 25. Qxd4 exd4 26. Rd3 Rc1+
27. Rd1 Rxb1 28. Rxb1 d3 29. h3 d2 {brutus resigns} 0-1

[Event "ICS rated blitz match"]
[Site "204.178.125.65"]
[Date "2000.10.03"]
[Round "?"]
[White "Hossa"]
[Black "brutus"]
[Result "0-1"]
[WhiteElo "2617"]
[BlackElo "2184"]
[PlyCount "78"]
[EventDate "2000.??.??"]

1. e4 e6 2. d4 d5 3. Nc3 Nf6 4. e5 Nfd7 5. Nf3 c5 6. dxc5 Nc6 7. Bg5 Qa5 8. a3
Qxc5 9. Be3 Qa5 10. Bb5 a6 11. Bxc6 bxc6 12. O-O c5 13. Bg5 Bb7 14. Re1 h6 15.
Bh4 Be7 16. Bxe7 Kxe7 17. Nd2 Rhd8 18. Qg4 Kf8 19. Nb3 Qc7 20. Qg3 Nb6 21. Na5
Rab8 22. b3 Ba8 23. Qd3 d4 24. Nb1 Nd5 25. Qd2 Qe7 26. Nc4 Qh4 27. Qa5 Nf4 28.
Qxc5+ Kg8 29. Nd6 Bxg2 30. Ne4 Bxe4 31. Qf8+ Rxf8 32. Rxe4 Qg4+ 33. Kf1 Qg2+
34. Ke1 Qxe4+ 35. Kd1 Qe2+ 36. Kc1 Nd3+ 37. cxd3 Rfc8+ 38. Nc3 Rxc3+ 39. Kb1
Rbxb3# {Hossa checkmated} 0-1

[Event "ICS Rated standard match"]
[Site "204.178.125.65"]
[Date "2000.10.03"]
[Round "?"]
[White "BrazilianMaster"]
[Black "Hossa"]
[Result "1-0"]
[WhiteElo "2616"]
[BlackElo "2456"]
[PlyCount "123"]
[EventDate "2000.??.??"]

1. e4 e5 2. Nf3 Nc6 3. d4 exd4 4. Nxd4 Bc5 5. Nxc6 Qf6 6. Qd2 dxc6 7. Nc3 Be6
8. Na4 Rd8 9. Bd3 Bd4 10. O-O b5 11. Nc3 Ne7 12. Kh1 O-O 13. a4 a6 14. axb5
axb5 15. f4 Bg4 16. Qe1 Qd6 17. Qh4 f5 18. e5 Qe6 19. h3 Ng6 20. Qg3 Bh5 21.
Qg5 Bxc3 22. bxc3 Rxd3 23. cxd3 Be2 24. Re1 Bxd3 25. Ra7 Qb3 26. Qg3 Rd8 27. h4
Qxc3 28. Rxc7 Qa5 29. Rxc6 Be4 30. Rc5 Qb4 31. Rc7 Qa5 32. Rc3 b4 33. Rb3 Ne7
34. e6 Qb6 35. Ba3 Qxe6 36. Bxb4 Ng6 37. Rbe3 Qb6 38. Bc3 Qc7 39. Rf1 Qc4 40.
Rf2 Rd1+ 41. Kh2 Qb5 42. Rfe2 Qb1 43. Re1 Rxe1 44. Rxe1 Qb7 45. Rd1 Qe7 46. Bb2
Qc7 47. Qb3+ Kf8 48. Qe6 Qxf4+ 49. Kh1 Qxh4+ 50. Kg1 Bc6 51. Qxf5+ Ke8 52. Qc8+
Kf7 53. Rf1+ Nf4 54. Qc7+ Ke6 55. Qxc6+ Ke7 56. Qe4+ Ne6 57. Ba3+ Kd8 58. Qa8+
Kc7 59. Rf7+ Qe7 60. Rxe7+ Kb6 61. Qb8+ Kc6 62. Qb7# {Hossa checkmated} 1-0

[Event "ICS Rated blitz match"]
[Site "204.178.125.65"]
[Date "2000.10.04"]
[Round "?"]
[White "QueenMaxima"]
[Black "Hossa"]
[Result "0-1"]
[WhiteElo "2492"]
[BlackElo "2589"]
[PlyCount "154"]
[EventDate "2000.??.??"]

1. d4 d5 2. c4 e6 3. Nc3 Nf6 4. cxd5 exd5 5. Bg5 Be7 6. Nf3 c6 7. Qc2 Na6 8. a3
Nc7 9. e3 Ne6 10. Bh4 O-O 11. Bd3 g6 12. O-O Bd6 13. Ne5 Ng7 14. e4 Ne6 15. Ng4
g5 16. Nxf6+ Qxf6 17. e5 Nxd4 18. Bxh7+ Kh8 19. exf6 Nxc2 20. Bxc2 gxh4 21.
Rae1 Bc7 22. h3 Be6 23. Na4 Bd8 24. Re5 Bxf6 25. Rh5+ Kg8 26. Rh6 Be7 27. Rd1
Rfd8 28. Nc3 d4 29. Nb1 Bc4 30. Bf5 Be2 31. Re1 Bg5 32. Rh7 d3 33. Nc3 Bd2 34.
Rxe2 Bxc3 35. Bxd3 Rxd3 36. Rxh4 Rd4 37. Rxd4 Bxd4 38. b3 Bf6 39. Rd2 Rd8 40.
Rxd8+ Bxd8 41. Kf1 b5 42. Ke2 Bb6 43. h4 Bd4 44. f4 c5 45. g4 c4 46. bxc4 bxc4
47. h5 Bc3 48. Ke3 Bb2 49. a4 Kg7 50. Ke4 f5+ 51. gxf5 Kh6 52. a5 Kxh5 53. Ke3
Kg4 54. f6 Bxf6 55. Ke4 a6 56. Ke3 Bd8 57. Ke4 Bxa5 58. f5 Bc3 59. Kd5 Kxf5 60.
Kxc4 Bd2 61. Kd3 Bb4 62. Kc4 a5 63. Kb5 Ke5 64. Kc4 Ke4 65. Kb5 Kd4 66. Ka4 Kc3
67. Kb5 Kb3 68. Kc6 a4 69. Kd5 a3 70. Ke4 a2 71. Kd4 a1=Q+ 72. Ke4 Bd6 73. Kd5
Qf6 74. Kc6 Kc4 75. Kb6 Qf3 76. Ka5 Bc5 77. Ka6 Qa8# {QueenMaxima checkmated}
0-1

[Event "ICS rated blitz match"]
[Site "204.178.125.65"]
[Date "2000.10.04"]
[Round "?"]
[White "Hossa"]
[Black "QueenMaxima"]
[Result "1-0"]
[WhiteElo "2601"]
[BlackElo "2480"]
[PlyCount "187"]
[EventDate "2000.??.??"]

1. e4 c5 2. Nf3 e6 3. d4 cxd4 4. Nxd4 Nf6 5. Nc3 Bb4 6. e5 Ne4 7. Qg4 Nxc3 8.
Qxg7 Rf8 9. a3 Nb5+ 10. axb4 Nxd4 11. Bg5 Nxc2+ 12. Kd1 Qxg5 13. Qxg5 Nxa1 14.
b5 Nb3 15. Qe3 a6 16. Qxb3 axb5 17. Qd3 Nc6 18. Qxh7 Ra1+ 19. Kc2 Nxe5 20. Kc3
Nc6 21. g3 d5 22. Bg2 Ra2 23. Re1 b4+ 24. Kb3 Ra5 25. h4 e5 26. Qg7 Rc5 27.
Rxe5+ Be6 28. Re3 d4+ 29. Rxe6+ fxe6 30. Bxc6+ bxc6 31. Qxd4 Rcf5 32. Qd6 Kf7
33. Qxc6 Rxf2 34. g4 Ke7 35. Qc5+ Kd7 36. Qa7+ Kc6 37. Qa6+ Kd5 38. Qb5+ Kd6
39. Qxb4+ Ke5 40. Qc5+ Ke4 41. Qc6+ Ke5 42. Ka4 R8f4+ 43. b4 Ra2+ 44. Kb3 Rh2
45. Qc7+ Ke4 46. Qe7 e5 47. Qb7+ Ke3 48. Qa7+ Kf3 49. Qg1 Rxh4 50. Qd1+ Kf2 51.
Qd2+ Kf3 52. Qc3+ Kg2 53. Qxe5 Rfxg4 54. Qe2+ Kg3 55. Qd3+ Kg2 56. Qd5+ Re4 57.
Ka4 Rhg4 58. Ka5 Rh4 59. b5 Kf2 60. Qc5+ Re3 61. b6 Rhe4 62. Ka6 Re6 63. Qd5
Ra3+ 64. Kb5 Rae3 65. Qd4 R6e5+ 66. Ka6 Re6 67. Ka7 R6e4 68. Qa1 Re1 69. Qb2+
R1e2 70. Qa3 Re8 71. b7 R2e7 72. Qd6 Rf7 73. Qc5+ Kg3 74. Qa3+ Kf4 75. Qb4+ Re4
76. Qd6+ Ke3 77. Ka6 Rxb7 78. Kxb7 Rc4 79. Kb6 Ke4 80. Kb5 Rc1 81. Qd2 Rc8 82.
Qg2+ Kf4 83. Qd5 Rb8+ 84. Kc5 Rc8+ 85. Kd4 Kg3 86. Qg5+ Kh2 87. Qh4+ Kg2 88.
Qg4+ Kf2 89. Qxc8 Kf3 90. Qf5+ Ke2 91. Qf4 Kd1 92. Qf2 Kc1 93. Kc3 Kd1 94. Qf1#
{QueenMaxima checkmated} 1-0

[Event "ICS rated blitz match"]
[Site "204.178.125.65"]
[Date "2000.10.04"]
[Round "?"]
[White "Zippy"]
[Black "Hossa"]
[Result "0-1"]
[WhiteElo "2383"]
[BlackElo "2612"]
[PlyCount "50"]
[EventDate "2000.??.??"]

1. e4 e5 2. Nc3 Nf6 3. g3 d5 4. exd5 Nxd5 5. Bg2 Nxc3 6. bxc3 Bd6 7. Ne2 O-O 8.
O-O Nd7 9. d4 Nb6 10. f4 exd4 11. cxd4 Re8 12. Bf3 Rb8 13. Re1 Qf6 14. Rb1 Bh3
15. Rb5 c6 16. Rh5 Qe6 17. c3 Bg4 18. Bxg4 Qxg4 19. Ra5 Ra8 20. Ba3 Nc4 21.
Bxd6 Nxa5 22. Bb4 Nc4 23. Kf1 Qf3+ 24. Kg1 Ne3 25. d5 Qg2# {Zippy checkmated}
0-1

[Event "ICS Rated blitz match"]
[Site "204.178.125.65"]
[Date "2000.10.04"]
[Round "?"]
[White "Hossa"]
[Black "Zippy"]
[Result "0-1"]
[WhiteElo "2619"]
[BlackElo "2382"]
[PlyCount "152"]
[EventDate "2000.??.??"]

1. e4 d6 2. d4 Nf6 3. Nc3 g6 4. f4 Bg7 5. Nf3 c5 6. Bb5+ Bd7 7. e5 Ng4 8. e6
Bxb5 9. exf7+ Kxf7 10. Nxb5 Qa5+ 11. Nc3 cxd4 12. Ng5+ Ke8 13. Qxg4 dxc3 14. b4
Qc7 15. Nxh7 Qc4 16. Qxg6+ Qf7 17. Qxf7+ Kxf7 18. Ng5+ Kg8 19. b5 a6 20. Rb1
axb5 21. Rxb5 Rxa2 22. Rxb7 Nc6 23. Kd1 Bf6 24. Rc7 Nb4 25. Ne4 Rxc2 26. Ba3
Ra2 27. Nxf6+ exf6 28. Rxc3 Rh5 29. f5 Nd5 30. Rg3+ Kf7 31. h4 Rxf5 32. Rb3
Ne3+ 33. Rxe3 Rd5+ 34. Ke1 Ra1+ 35. Ke2 Rxh1 36. g3 Rh2+ 37. Kf3 Kg6 38. Rb3
Rdd2 39. Bc1 Rhf2+ 40. Ke3 Rc2 41. Rd3 Rg2 42. Kf3 Kf5 43. Be3 Ke6 44. Rd1 Rh2
45. Re1 Kd7 46. Bg1 Rh1 47. Rb1 Ke6 48. Re1+ Kf7 49. Rb1 Kg6 50. Rf1 d5 51. Ra1
Rd2 52. Kg4 d4 53. Kf3 d3 54. Be3 Rxa1 55. Bxd2 f5 56. Ke3 Rg1 57. Kf2 Rb1 58.
Ke3 Rf1 59. Kxd3 Rf3+ 60. Kd4 Rxg3 61. Ke5 Rg2 62. Be3 Rh2 63. Bg5 Rf2 64. Be3
Rf1 65. Bg5 Kh5 66. Bf6 Kg4 67. Kd4 f4 68. Kd3 Re1 69. Kd2 Re6 70. Bg7 f3 71.
h5 f2 72. h6 f1=Q 73. Bh8 Qf3 74. Be5 Rxe5 75. Kc2 Re2+ 76. Kb1 Qf1# {
Hossa checkmated} 0-1

[Event "ICS rated blitz match"]
[Site "204.178.125.65"]
[Date "2000.10.04"]
[Round "?"]
[White "Dorky"]
[Black "Hossa"]
[Result "0-1"]
[WhiteElo "2485"]
[BlackElo "2594"]
[PlyCount "90"]
[EventDate "2000.??.??"]

1. e4 e5 2. f4 exf4 3. Nf3 g5 4. Bc4 g4 5. Ne5 Qh4+ 6. Ke2 Nh6 7. Nc3 d6 8. Nd5
Kd8 9. Nd3 f3+ 10. Kf1 fxg2+ 11. Kxg2 g3 12. hxg3 Qxe4+ 13. Qf3 Qxf3+ 14. Kxf3
c6 15. N5f4 Kc7 16. Kg2 Bf5 17. Re1 Rg8 18. Re8 Bd7 19. Re1 d5 20. Bb3 Nf5 21.
Nh5 Bd6 22. Ndf4 Nxg3 23. Nf6 Rg5 24. N4xd5+ cxd5 25. Nxd5+ Kc6 26. Ne7+ Bxe7
27. d3 Rg8 28. Rxe7 Nf5+ 29. Kf1 Nxe7 30. Bf4 Na6 31. Kf2 Nc5 32. Rh1 Nxb3 33.
cxb3 Bf5 34. Rc1+ Kd5 35. Bd2 Bxd3 36. b4 Nf5 37. Rc5+ Ke6 38. Bc3 f6 39. Rc7
Nd6 40. a3 Ne4+ 41. Ke3 Rg3+ 42. Kf4 Rag8 43. Re7+ Kxe7 44. Bxf6+ Kxf6 45. b5
R8g4# {Dorky checkmated} 0-1

[Event "ICS rated blitz match"]
[Site "204.178.125.65"]
[Date "2000.10.04"]
[Round "?"]
[White "Hossa"]
[Black "Dorky"]
[Result "0-1"]
[WhiteElo "2605"]
[BlackElo "2474"]
[PlyCount "96"]
[EventDate "2000.??.??"]

1. e4 e5 2. Nf3 Nc6 3. Bc4 Bc5 4. c3 Nf6 5. d4 exd4 6. cxd4 Bb4+ 7. Nc3 Nxe4 8.
O-O Bxc3 9. d5 Na5 10. Bd3 f5 11. bxc3 Qf6 12. Bf4 O-O 13. Bxc7 Qxc3 14. Rc1
Qa3 15. Qc2 d6 16. Nd4 b6 17. Nb5 Qb4 18. f3 a6 19. fxe4 axb5 20. Kh1 Nc4 21.
Bxc4 bxc4 22. Rb1 Qc5 23. Bxb6 Qa3 24. Rf2 Qa4 25. Qxa4 Rxa4 26. Bc7 fxe4 27.
Rxf8+ Kxf8 28. Rb8 Ke8 29. Rxc8+ Kd7 30. Rg8 Kxc7 31. Rxg7+ Kb6 32. Rd7 Rxa2
33. h4 Kc5 34. Rxh7 Kxd5 35. Rh5+ Kd4 36. Rh6 d5 37. Rc6 c3 38. Kh2 c2 39. h5
e3 40. h6 e2 41. h7 Ra8 42. Rxc2 e1=Q 43. g3 Qe4 44. Rd2+ Ke3 45. g4 Kf3 46.
Rd1 Qc2+ 47. Rd2 Qxd2+ 48. Kg1 Qg2# {Hossa checkmated} 0-1

[Event "ICS rated blitz match"]
[Site "204.178.125.65"]
[Date "2000.10.04"]
[Round "?"]
[White "Hossa"]
[Black "CheckmateJim"]
[Result "1-0"]
[WhiteElo "2595"]
[BlackElo "1942"]
[PlyCount "26"]
[EventDate "2000.??.??"]

1. e4 e5 2. Nc3 Nf6 3. Nf3 Nc6 4. d3 Bc5 5. Nxe5 Nd4 6. Na4 Be7 7. Be3 Ne6 8.
Nc3 O-O 9. Be2 d5 10. exd5 Nxd5 11. O-O c6 12. Nxd5 Qxd5 13. d4 b5 {
CheckmateJim resigns} 1-0

[Event "ICS rated blitz match"]
[Site "204.178.125.65"]
[Date "2000.10.04"]
[Round "?"]
[White "CheckmateJim"]
[Black "Hossa"]
[Result "0-1"]
[WhiteElo "1941"]
[BlackElo "2596"]
[PlyCount "78"]
[EventDate "2000.??.??"]

1. e4 e5 2. f4 exf4 3. Nf3 g5 4. h4 g4 5. Ne5 Nf6 6. Bc4 d5 7. exd5 Bd6 8. d4
Nh5 9. Nc3 Ng3 10. Rh2 Qf6 11. Qd2 Bxe5 12. dxe5 Qxe5+ 13. Kd1 Ne4 14. Nxe4 g3
15. Nf6+ Qxf6 16. Rh1 Bg4+ 17. Be2 Qf5 18. Qxf4 Qxd5+ 19. Bd2 Bxe2+ 20. Kxe2
Qxg2+ 21. Kd3 Qd5+ 22. Kc3 Nc6 23. Rhe1+ Kd8 24. Qf6+ Kd7 25. a3 b5 26. Bg5
Qc5+ 27. Kd2 Qd4+ 28. Qxd4+ Nxd4 29. Re7+ Kc6 30. Kd3 Nf3 31. Kc3 g2 32. Be3
Rae8 33. Rxe8 Rxe8 34. Bxa7 Nxh4 35. Rg1 Rg8 36. Rd1 Rg3+ 37. Kb4 Nf3 38. Bg1
Nxg1 39. Rxg1 Kb6 {CheckmateJim resigns} 0-1